书目信息 |
| 题名: |
松辽盆地南部致密油地球物理技术研究及应用
|
|
| 作者: | 侯启军 著 | |
| 分册: | ||
| 出版信息: | 北京 科学出版社 2019.11 |
|
| 页数: | 214页 | |
| 开本: | 26cm | |
| 丛书名: | ||
| 单 册: | ||
| 中图分类: | P618.130.8 | |
| 科图分类: | ||
| 主题词: | ||
| 电子资源: | ||
| ISBN: | 978-7-03-063220-3 | |
| 000 | 01155nam0 2200241 45 | |
| 001 | 012001001821 | |
| 005 | 20140912140947.0 | |
| 010 | @a978-7-03-063220-3@b精装@dCNY198.00 | |
| 100 | @a20200519d2019 em y0chiy50 ea | |
| 101 | 0 | @achi |
| 102 | @aCN@b110000 | |
| 105 | @aa z 000yy | |
| 106 | @ar | |
| 200 | 1 | @a松辽盆地南部致密油地球物理技术研究及应用@Asong liao pen di nan bu zhi mi you di qiu wu li ji shu yan jiu ji ying yong@b专著@f侯启军等著 |
| 210 | @a北京@c科学出版社@d2019.11 | |
| 215 | @a214页@c图@d26cm | |
| 304 | @a著者还有:赵志魁、王立武、李建忠、江涛、单玄龙等 | |
| 330 | @a本书以烃源岩研究和致密油储层相关实验为前提,以松辽盆地南部扶余油层致密油为主线,阐述致密油的测井评价技术和地震技术;在测井上针对致密油储层“七性关系”评价,通过精选参数,建立测井解释方程和模型,利用有限的测井资料最大限度地寻找潜力层;在地震上采用地震预测的精细处理技术和地震综合解释技术,寻找“甜点”,预测产能;全面细致地总结松辽盆地南部致密油勘探开发技术。 | |
| 607 | @a松辽盆地@x致密砂岩@x油气勘探@x地球物理勘探 | |
| 690 | @aP618.130.8@v5 | |
| 701 | 0 | @a侯启军@Ahou qi jun@4著 |
| 801 | 0 | @aCN@bBJSDL@c20211011 |
| 905 | @b1337346-9@dP618.130.8@e154@f4 | |
| 松辽盆地南部致密油地球物理技术研究及应用/侯启军等著.-北京:科学出版社,2019.11 |
| 214页:图;26cm |
| ISBN 978-7-03-063220-3(精装):CNY198.00 |
| 本书以烃源岩研究和致密油储层相关实验为前提,以松辽盆地南部扶余油层致密油为主线,阐述致密油的测井评价技术和地震技术;在测井上针对致密油储层“七性关系”评价,通过精选参数,建立测井解释方程和模型,利用有限的测井资料最大限度地寻找潜力层;在地震上采用地震预测的精细处理技术和地震综合解释技术,寻找“甜点”,预测产能;全面细致地总结松辽盆地南部致密油勘探开发技术。 |
| ● |
| 相关链接 |
|
|
|
|
正题名:松辽盆地南部致密油地球物理技术研究及应用
索取号:P618.130.8/154
 
预约/预借
| 序号 | 登录号 | 条形码 | 馆藏地/架位号 | 状态 | 备注 |
| 1 | 1337346 | 213373464 | 第二样本阅览室/ [索取号:P618.130.8/154] | 在馆 | |
| 2 | 1337347 | 213373473 | 第三借阅区/ [索取号:P618.130.8/154] | 在馆 | |
| 3 | 1337348 | 213373482 | 第三借阅区/ [索取号:P618.130.8/154] | 在馆 | |
| 4 | 1337349 | 213373491 | 第三借阅区/ [索取号:P618.130.8/154] | 在馆 |